[Event "Newport Open"]
[Site "Newport"]
[Date "2025.08.16"]
[Round "3"]
[Board "14"]
[White "Howells, S Wyn"]
[Black "Mcilroy, Gerard"]
[Result "0-1"]
[WhiteElo "1750"]
[BlackElo "1952"]
[WhiteFideId "-1"]
[WhiteFideId "-1"]
[PlyCount "30"]
[GameId "2213045697339089"]
[EventDate "2025.08.15"]
[EventType "swiss"]
[EventRounds "5"]
[EventCountry "WLS"]

1. Nf3 c5 2. c4 Nc6 3. g3 g6 4. Bg2 Bg7 5. O-O e5 6. d3 Nge7 7. Nc3 O-O 8. b3 e4 9. Bb2 exf3 10. Bxf3 d6 11. Qd2 Rb8 12. Rfe1 Be6 13. e4 Nd4 14. Bd1 Qd7 15. Ne2 Nf3+ 0-1

[Event "Newport Open"]
[Site "Newport"]
[Date "2025.08.16"]
[Round "3"]
[Board "15"]
[White "Richards, Gareth"]
[Black "Addis, Joseph"]
[Result "0-1"]
[WhiteElo "1587"]
[BlackElo "1925"]
[WhiteFideId "-1"]
[WhiteFideId "-1"]
[PlyCount "73"]
[GameId "2213046479302390"]
[EventDate "2025.08.15"]
[EventType "swiss"]
[EventRounds "5"]
[EventCountry "WLS"]

1. e4 c6 2. d4 d5 3. e5 c5 4. Bb5+ Bd7 5. Nc3 e6 6. Nf3 Bxb5 7. Nxb5 Qa5+ 8. Nc3 Nc6 9. dxc5 Bxc5 10. O-O Nge7 11. a3 Ng6 12. Qe2 Nd4 13. Nxd4 Bxd4 14. Qb5+ Qxb5 15. Nxb5 Bxe5 16. f4 a6 17. fxe5 axb5 18. Re1 Kd7 19. Bd2 f6 20. Bc3 Nxe5 21. Bxe5 fxe5 22. Rxe5 b4 23. Rae1 bxa3 24. bxa3 Rhe8 25. R1e3 Rac8 26. Rb3 Rxc2 27. Rxb7+ Rc7 28. Rb6 Ra7 29. Re3 e5 30. Rb4 e4 31. a4 Kd6 32. Rc3 Rea8 33. Rb6+ Ke5 34. Kf2 Rxa4 35. Rc7 Ra2+ 36. Kg3 R8a3+ 37. Rc3 0-1

[Event "Newport Open"]
[Site "Newport"]
[Date "2025.08.16"]
[Round "3"]
[Board "16"]
[White "Jones, Derek C"]
[Black "Quinn, Peter"]
[Result "1-0"]
[WhiteElo "1957"]
[BlackElo "1719"]
[WhiteFideId "-1"]
[WhiteFideId "-1"]
[PlyCount "101"]
[GameId "2213047486369586"]
[EventDate "2025.08.15"]
[EventType "swiss"]
[EventRounds "5"]
[EventCountry "WLS"]

1. c4 e5 2. g3 Nf6 3. Bg2 c6 4. d4 exd4 5. Qxd4 Be7 6. Nc3 d6 7. Nf3 Be6 8. e4 Nbd7 9. O-O Qb6 10. b3 O-O 11. Qxb6 Nxb6 12. a4 a5 13. Be3 Nbd7 14. h3 h6 15. Nd4 Nh7 16. Nxe6 fxe6 17. f4 e5 18. f5 Ng5 19. Rfd1 Nf7 20. Rd2 Rfd8 21. Rad1 Kf8 22. h4 Ra6 23. Bf3 Nc5 24. Rb1 Rb6 25. Bd1 Ra6 26. Kh2 Nd7 27. Kh3 Kg8 28. g4 Nf8 29. Rg2 g5 30. fxg6 Nxg6 31. g5 Kh7 32. h5 hxg5 33. hxg6+ Kxg6 34. Bg4 Nh6 35. Rf1 Rh8 36. Kg3 Raa8 37. Bf5+ Nxf5+ 38. exf5+ Kf6 39. Ne4+ Kf7 40. f6 Bd8 41. Nxg5+ Kg6 42. Ne4 d5 43. Kf3+ Kf5 44. Rg5+ Ke6 45. Nc5+ Kxf6 46. Ke2+ Ke7 47. Rxe5+ Kd6 48. Re6+ Kc7 49. Rf7+ Kc8 50. Rxb7 Ra6 51. cxd5 1-0

[Event "Newport Open"]
[Site "Newport"]
[Date "2025.08.17"]
[Round "4"]
[Board "1"]
[White "Saunders, Aron"]
[Black "Honey, Luke Anthony"]
[Result "1-0"]
[WhiteElo "2166"]
[BlackElo "2082"]
[WhiteFideId "-1"]
[WhiteFideId "-1"]
[PlyCount "127"]
[GameId "2213049060733422"]
[EventDate "2025.08.15"]
[EventType "swiss"]
[EventRounds "5"]
[EventCountry "WLS"]

1. e4 c5 2. Nf3 Nf6 3. e5 Nd5 4. Nc3 e6 5. Ne4 f5 6. Nc3 Ne7 7. Nb5 Ng8 8. d4 a6 9. Nd6+ Bxd6 10. exd6 cxd4 11. Qxd4 Nf6 12. Be3 b5 13. a4 Nc6 14. Qb6 Qxb6 15. Bxb6 Nb4 16. Kd1 Nbd5 17. Bd4 b4 18. Ne5 Bb7 19. f3 O-O 20. Kd2 Rfc8 21. h4 Kf8 22. h5 Ke8 23. g3 a5 24. Re1 Ba6 25. Bh3 Bb7 26. Bf1 Ba6 27. Bd3 Bxd3 28. cxd3 b3 29. Nc4 h6 30. Reg1 Kf8 31. g4 fxg4 32. fxg4 Nh7 33. g5 Nxg5 34. Rxg5 hxg5 35. h6 gxh6 36. Rxh6 e5 37. Nxe5 Kg7 38. Ng4+ Kf7 39. Ne5+ Kg7 40. Rg6+ Kh7 41. Rxg5 Rc2+ 42. Kd1 Nf4 43. Rg4 Ne6 44. Bc3 Kh6 45. Nxd7 Rd8 46. Ne5 Kh5 47. Rg1 Rh2 48. d7 Nc5 49. Bxa5 Rxd7 50. Nxd7 Nxd7 51. Bd2 Kh4 52. Rg7 Nf8 53. Rf7 Ne6 54. Rh7+ Kg3 55. Be1+ Kg2 56. Rxh2+ Kxh2 57. Ke2 Nd4+ 58. Kd2 Nf3+ 59. Kc3 Nxe1 60. a5 Ng2 61. a6 Nf4 62. a7 Nd5+ 63. Kxb3 Nc7 64. d4 1-0

[Event "Newport Open"]
[Site "Newport"]
[Date "2025.08.17"]
[Round "4"]
[Board "2"]
[White "Pleasants, Allan J"]
[Black "Ndhlovu, Lahende"]
[Result "1/2-1/2"]
[WhiteElo "1960"]
[BlackElo "2200"]
[WhiteFideId "-1"]
[WhiteFideId "-1"]
[PlyCount "108"]
[GameId "2213050718597624"]
[EventDate "2025.08.15"]
[EventType "swiss"]
[EventRounds "5"]
[EventCountry "WLS"]

{[%evp 0,67,11,22,37,118,41,28,38,40,43,14,3,16,59,44,84,90,81,84,150,149,147,172,218,205,228,114,114,109,134,108,101,104,102,115,119,82,114,47,32,-46,-144,-63,-51,4,-23,-62,-127,-124,-133,-200,-259,-227,-129,-190,-90,-119,-73,-100,-104,28,-64,-59,-67,-52,-46,-32,-65,-55]} 1. e4 d6 2. d4 Nf6 3. Nc3 g6 4. f4 Bg7 5. e5 Nfd7 6. Nf3 Nb6 7. Bd3 Bg4 8. h3 Bxf3 9. Qxf3 dxe5 10. dxe5 c6 11. Bd2 Nd5 12. O-O-O Na6 13. Be4 e6 14. g4 Qc7 15. Bd3 Nc5 16. Ne4 Nxe4 17. Qxe4 O-O-O 18. c4 Ne7 19. Be2 g5 20. Bf3 gxf4 21. Bc3 Ng6 22. Rde1 Qe7 23. a3 Qg5 24. b4 Rd7 25. Rh2 Rhd8 26. b5 cxb5 27. Rc2 b4 28. axb4 Nh4 29. Rf2 Nxf3 30. Rxf3 Qg6 31. Kc2 Bh6 32. b5 Rc7 33. Kb3 Rcd7 34. Qxg6 hxg6 35. h4 Rd3 36. Ref1 g5 37. hxg5 Bxg5 38. Kc2 R3d7 39. Rh1 Rg8 40. Bb4 f6 41. exf6 Rf7 42. Be7 Bxf6 43. Rxf4 Rxe7 44. Rxf6 Rxg4 45. Kb3 b6 46. Re1 Kd7 47. Rd1+ Kc7 48. Rf8 Rh7 49. Rfd8 Rgg7 50. Ra8 Rg3+ 51. Kb2 Rh2+ 52. Kb1 Rb3+ 53. Ka1 Ra3+ 54. Kb1 Rb3+ 1/2-1/2

[Event "Newport Open"]
[Site "Newport"]
[Date "2025.08.17"]
[Round "4"]
[Board "3"]
[White "Majeed, Haroon"]
[Black "Beaumont, Chris R"]
[Result "1-0"]
[WhiteElo "2059"]
[BlackElo "2142"]
[WhiteFideId "-1"]
[WhiteFideId "-1"]
[PlyCount "111"]
[EventDate "2025.08.15"]
[EventType "swiss"]
[EventRounds "5"]
[EventCountry "WLS"]

1. e4 d6 2. d4 Nf6 3. Nc3 g6 4. f4 Bg7 5. Qd2 O-O 6. Nf3 c5 7. dxc5 Nbd7 8. cxd6 exd6 9. Bd3 b5 10. O-O Bb7 11. Nxb5 Nc5 12. Nc3 Nfxe4 13. Nxe4 Bxe4 14. Bxe4 Nxe4 15. Qd3 Re8 16. Be3 Bxb2 17. Rab1 Bg7 18. Bd4 Bxd4+ 19. Qxd4 Qa5 20. a4 Nc3 21. Qb4 Ne2+ 22. Kh1 Qh5 23. Rfe1 Qf5 24. Nd4 Nxd4 25. Qxd4 Qxc2 26. Qxd6 Qxa4 27. f5 Rxe1+ 28. Rxe1 Qa5 29. Rf1 Qb5 30. Qd1 gxf5 31. Rf3 Re8 32. h3 Qe5 33. Qd3 f4 34. Qd7 a5 35. Qg4+ Qg7 36. Qxf4 Re1+ 37. Rf1 Rxf1+ 38. Qxf1 Qe5 39. Qa6 Qe1+ 40. Kh2 Qe5+ 41. Kg1 Qe1+ 42. Kh2 Qe5+ 43. Kh1 Kg7 44. Qc8 h5 45. Qd7 Qa1+ 46. Kh2 Qe5+ 47. Kh1 Qa1+ 48. Kh2 Qe5+ 49. Kh1 Kg6 50. Qc6+ f6 51. Qa8 Qe1+ 52. Kh2 Qe5+ 53. Kh1 Qe1+ 54. Kh2 Qe5+ 55. Kh1 Kf7 56. Qb7+ {Time loss} 1-0

[Event "Newport Open"]
[Site "Newport"]
[Date "2025.08.17"]
[Round "4"]
[Board "4"]
[White "Davis, Colin"]
[Black "Varley, Peter"]
[Result "1/2-1/2"]
[WhiteElo "1955"]
[BlackElo "2117"]
[WhiteFideId "-1"]
[WhiteFideId "-1"]
[PlyCount "159"]
[GameId "2213403409702989"]
[EventDate "2025.08.15"]
[EventType "swiss"]
[EventRounds "5"]
[EventCountry "WLS"]

{[%evp 0,75,17,28,22,-5,10,-13,18,10,18,14,13,13,15,11,7,16,20,22,-33,22,2,18,10,-93,-59,-21,-10,-3,-17,27,-2,0,-26,-5,41,-60,-34,-12,-11,-22,-10,-6,57,11,8,-11,-9,-7,-125,-98,-111,-118,-119,-101,-94,-124,-80,-111,-145,-113,-138,-131,-150,-128,-162,-155,-60,-79,-119,-147,-54,-128,-143,-137,-170,-113]} 1. Nf3 Nf6 2. e3 d5 3. c4 c6 4. Nc3 e6 5. b3 Nbd7 6. d4 Bd6 7. Be2 O-O 8. O-O Qe7 9. Bb2 b6 10. Qc2 Bb7 11. Rad1 Rac8 12. Rfe1 c5 13. Nd2 a6 14. Qb1 Rfd8 15. Bf3 Bb8 16. Nf1 cxd4 17. exd4 Nf8 18. Ne3 Qc7 19. g3 dxc4 20. Bxb7 Qxb7 21. bxc4 Qf3 22. d5 h5 23. dxe6 fxe6 24. Ng2 Rxd1 25. Qxd1 Qxd1 26. Rxd1 Rxc4 27. Ne3 Rc8 28. Ne2 Kf7 29. Kg2 N8d7 30. Nd4 Ne5 31. Nf3 Nxf3 32. Kxf3 b5 33. h3 Rc5 34. Bd4 Rc6 35. g4 hxg4+ 36. hxg4 e5 37. Bb2 e4+ 38. Kg2 Bf4 39. Bxf6 Bxe3 40. fxe3 gxf6 41. Rd2 Ke6 42. Kg3 Ke5 43. Rf2 Rc3 44. Rf5+ Ke6 45. Kf4 Ra3 46. Rc5 Rxa2 47. Kxe4 Ra4+ 48. Kf3 b4 49. Rc6+ Ke5 50. Rb6 a5 51. Rb5+ Ke6 52. Rb6+ Kf7 53. Rb5 Kg6 54. Rb6 Ra3 55. Kf4 Ra1 56. Rb5 Rb1 57. Rxa5 b3 58. Rb5 b2 59. Ke4 Kf7 60. Rb6 Ke7 61. Rb7+ Kd6 62. Rb8 Kc5 63. Rb7 Kc4 64. Rc7+ Kb3 65. Rb7+ Kc2 66. Rc7+ Kd2 67. Rd7+ Ke2 68. Rb7 Kf2 69. Kf4 Kg2 70. g5 Rf1+ 71. Ke4 f5+ 72. Ke5 b1=Q 73. Rxb1 Rxb1 74. Kxf5 Rf1+ 75. Ke6 Re1 76. g6 Rxe3+ 77. Kf7 Rf3+ 78. Ke8 Rg3 79. Kf7 Rxg6 80. Kxg6 1/2-1/2

[Event "Newport Open"]
[Site "Newport"]
[Date "2025.08.17"]
[Round "4"]
[Board "5"]
[White "Norris, Zack"]
[Black "Tapp, James"]
[Result "1-0"]
[WhiteElo "2035"]
[BlackElo "2004"]
[WhiteFideId "-1"]
[WhiteFideId "-1"]
[PlyCount "69"]
[GameId "2213405233709169"]
[EventDate "2025.08.15"]
[EventType "swiss"]
[EventRounds "5"]
[EventCountry "WLS"]

1. Nf3 d5 2. g3 Nd7 3. Bg2 e5 4. d3 Ngf6 5. O-O Bd6 6. e4 c6 7. c3 O-O 8. Qc2 Re8 9. h3 a5 10. a4 b6 11. Nh4 Ba6 12. Rd1 Qc7 13. Be3 dxe4 14. dxe4 Bc5 15. Bxc5 Nxc5 16. b4 axb4 17. cxb4 Ne6 18. Nf3 Rad8 19. Na3 c5 20. b5 Bb7 21. Nd2 Nd4 22. Qb2 Ra8 23. Nac4 Reb8 24. Rdb1 Nd7 25. a5 bxa5 26. b6 Qc8 27. Nxa5 Nc6 28. Ndc4 Nxa5 29. Nxa5 Ra6 30. Nc4 Rba8 31. Rxa6 Rxa6 32. Qb5 Nf8 33. Nd6 Qb8 34. Nxb7 Qxb7 35. Qxa6 1-0

[Event "Newport Open"]
[Site "Newport"]
[Date "2025.08.17"]
[Round "4"]
[Board "6"]
[White "Szakmany, Bence"]
[Black "Fathallah, Joe"]
[Result "1/2-1/2"]
[WhiteElo "2008"]
[BlackElo "1985"]
[WhiteFideId "-1"]
[WhiteFideId "-1"]
[PlyCount "126"]
[GameId "2213406247247995"]
[EventDate "2025.08.15"]
[EventType "swiss"]
[EventRounds "5"]
[EventCountry "WLS"]

1. e4 e6 2. d4 d5 3. Nc3 Nf6 4. e5 Nfd7 5. f4 c5 6. Nf3 Nc6 7. Be3 a6 8. Be2 b5 9. a3 Bb7 10. O-O Qb6 11. Kh1 cxd4 12. Bg1 Bc5 13. Na2 a5 14. b4 axb4 15. axb4 Nxb4 16. Nxb4 Rxa1 17. Qxa1 Bxb4 18. Rb1 Bc5 19. Bxb5 Bc6 20. Bd3 Qa7 21. Qxa7 Bxa7 22. Nxd4 Bxd4 23. Bxd4 Ke7 24. Kg1 g6 25. Kf2 Rb8 26. Rxb8 Nxb8 27. g4 Bb7 28. Ba7 Nd7 29. h4 f6 30. Bd4 fxe5 31. fxe5 Nb8 32. Bc5+ Kf7 33. Ke3 Nc6 34. Bd6 Bc8 35. h5 gxh5 36. gxh5 Kg7 37. c3 Kh6 38. Kf4 Kxh5 39. Bxh7 Kh6 40. Bc2 Kg7 41. Ke3 Kf7 42. Bd3 Bd7 43. Kd2 Na5 44. Ke3 Nc6 45. Bc7 Ke7 46. Kf4 Kf7 47. Kf3 Na7 48. Kf4 Nc6 49. Bb6 Bc8 50. Bf2 Ne7 51. Be2 Ng6+ 52. Ke3 Nxe5 53. Bg3 Nc6 54. Bb5 Ne7 55. Bd3 {(=)} Ke8 56. c4 dxc4 57. Bxc4 Nf5+ 58. Kf2 Nxg3 59. Kxg3 e5 60. Kf3 Bb7+ 61. Ke3 Ke7 62. Bd3 Kd6 63. Be4 Bxe4 1/2-1/2

[Event "Newport Open"]
[Site "Newport"]
[Date "2025.08.17"]
[Round "4"]
[Board "7"]
[White "Shepherd, Tom"]
[Black "Rathbone-Jones, Ifan"]
[Result "1-0"]
[WhiteElo "1960"]
[BlackElo "2208"]
[WhiteFideId "-1"]
[WhiteFideId "-1"]
[PlyCount "119"]
[GameId "2213408326668420"]
[EventDate "2025.08.15"]
[EventType "swiss"]
[EventRounds "5"]
[EventCountry "WLS"]

1. d4 d5 2. Nf3 Nf6 3. c4 e6 4. cxd5 exd5 5. Nc3 Be6 6. Bg5 Be7 7. e3 Ne4 8. Bxe7 Qxe7 9. Bd3 f5 10. O-O O-O 11. Qc2 Nd7 12. a3 Rf6 13. Ne2 c6 14. b4 Rh6 15. b5 g5 16. g3 Bf7 17. bxc6 bxc6 18. Kg2 Qf6 19. Nfg1 Nb6 20. Nf3 Nd7 21. Rab1 Qg6 22. Rh1 g4 23. Bxe4 dxe4 24. Nh4 Qf6 25. Rhc1 Nb6 26. Qc5 Bd5 27. Nf4 Qf8 28. Nxd5 Nxd5 29. Qxf8+ Rxf8 30. Rb7 f4 31. exf4 Rxh4 32. gxh4 Nxf4+ 33. Kh1 Ne6 34. Re7 Nd8 35. Rxe4 Rxf2 36. Rxg4+ Kf7 37. Kg1 Ra2 38. Rc3 Ne6 39. Rxc6 Ra1+ 40. Kf2 Ra2+ 41. Ke1 Rxa3 42. d5 Nd8 43. Rc7+ Kf6 44. Rd7 Re3+ 45. Kd2 Re8 46. Rb4 Rg8 47. Rb8 Rg2+ 48. Kc1 Rg1+ 49. Kb2 Rg2+ 50. Ka3 Rxh2 51. Rbxd8 Rxh4 52. Rxa7 Rh1 53. Kb4 Ke5 54. Ra5 h5 55. Kb5 h4 56. Kc6 h3 57. d6+ Ke6 58. Re8+ Kf7 59. Rh8 Rc1+ 60. Kd7 1-0

[Event "Newport Open"]
[Site "Newport"]
[Date "2025.08.17"]
[Round "4"]
[Board "8"]
[White "Addis, Joseph"]
[Black "Garcia Hernandez, Oscar"]
[Result "0-1"]
[WhiteElo "1925"]
[BlackElo "2083"]
[WhiteFideId "-1"]
[WhiteFideId "-1"]
[PlyCount "42"]
[GameId "2213409896525966"]
[EventDate "2025.08.15"]
[EventType "swiss"]
[EventRounds "5"]
[EventCountry "WLS"]

{[%evp 0,42,11,26,15,19,21,14,10,7,14,13,6,13,14,-6,-5,-5,-9,-11,-19,-69,-5,-35,-48,-21,-149,-2,-22,-216,-98,-291,-233,-386,-252,-494,-177,-579,-558,-572,-228,-924,-508,-994,-975]} 1. d4 Nf6 2. c4 e6 3. Nc3 Bb4 4. Qc2 c5 5. dxc5 O-O 6. Nf3 Na6 7. a3 Bxc3+ 8. Qxc3 Nxc5 9. b4 Nce4 10. Qb2 Qc7 11. e3 Ng4 12. Qd4 Ngxf2 13. Bb2 f6 14. Rg1 b6 15. g4 Bb7 16. Rd1 Rad8 17. Ba1 e5 18. Qb2 Nxd1 19. Kxd1 d5 20. cxd5 Rxd5+ 21. Ke1 Rc8 0-1

[Event "Newport Open"]
[Site "Newport"]
[Date "2025.08.17"]
[Round "4"]
[Board "9"]
[White "Davis, Lee"]
[Black "Ashworth, Michael"]
[Result "1/2-1/2"]
[WhiteElo "1907"]
[BlackElo "2053"]
[WhiteFideId "-1"]
[WhiteFideId "-1"]
[PlyCount "67"]
[GameId "2213410905354408"]
[EventDate "2025.08.15"]
[EventType "swiss"]
[EventRounds "5"]
[EventCountry "WLS"]

1. d4 Nf6 2. Nf3 e6 3. g3 b6 4. Bg2 Bb7 5. O-O Be7 6. c4 O-O 7. Nc3 Ne4 8. Qc2 Nxc3 9. Qxc3 f5 10. Ne5 Qc8 11. Qc2 d6 12. Bxb7 Qxb7 13. Nf3 Nd7 14. b3 Bf6 15. Bb2 Rae8 16. Rad1 Qe4 17. Rd2 Qg4 18. Kg2 g5 19. h3 Qh5 20. Nh2 Bg7 21. e4 Qg6 22. exf5 exf5 23. Re2 Rxe2 24. Qxe2 Re8 25. Qc2 Re4 26. Nf3 h6 27. d5 Bxb2 28. Qxb2 Qe8 29. Rd1 f4 30. g4 Ne5 31. Nxe5 Rxe5 32. Rd2 Kf7 33. Qc2 Kg7 34. Qc3 1/2-1/2

[Event "Newport Open"]
[Site "Newport"]
[Date "2025.08.17"]
[Round "4"]
[Board "10"]
[White "Farani Sani, Hamid"]
[Black "Jukes, Sam"]
[Result "0-1"]
[WhiteElo "1774"]
[BlackElo "1971"]
[WhiteFideId "-1"]
[WhiteFideId "-1"]
[PlyCount "90"]
[EventDate "2025.08.15"]
[EventType "swiss"]
[EventRounds "5"]
[EventCountry "WLS"]

1. f4 Nf6 2. Nf3 d5 3. e3 Bg4 4. d4 e6 5. Bd3 c5 6. c3 Nc6 7. Nbd2 Bd6 8. h3 Bxf3 9. Nxf3 O-O 10. O-O a6 11. Ne5 Ne4 12. Bxe4 dxe4 13. b3 Qc7 14. a4 b5 15. Qc2 f6 16. Nxc6 Qxc6 17. Qe2 Rfb8 18. Ba3 cxd4 19. Bxd6 d3 20. Qa2 Qxd6 21. axb5 Rxb5 22. Qa4 f5 23. Rfb1 Qc5 24. Qd4 Kf7 25. Qd7+ Kf6 26. Qd4+ e5 27. fxe5+ Qxe5 28. Qxe5+ Kxe5 29. c4 Rb4 30. Ra5+ Ke6 31. Kf2 Rb6 32. Ke1 Rab8 33. Ra3 a5 34. c5 Rb5 35. c6 Rc8 36. Rc1 Kd6 37. b4 axb4 38. Ra6 b3 39. c7+ Kd7 40. Rcc6 b2 41. Rd6+ Ke7 42. Re6+ Kf7 43. Red6 b1=Q+ 44. Kf2 Qc2+ 45. Kg1 Rb1+ 0-1

[Event "Newport Open"]
[Site "Newport"]
[Date "2025.08.17"]
[Round "4"]
[Board "11"]
[White "Eggington, David C"]
[Black "Jones, Derek C"]
[Result "1-0"]
[WhiteElo "1960"]
[BlackElo "1957"]
[WhiteFideId "-1"]
[WhiteFideId "-1"]
[PlyCount "107"]
[GameId "2213761387683907"]
[EventDate "2025.08.15"]
[EventType "swiss"]
[EventRounds "5"]
[EventCountry "WLS"]

1. d4 Nf6 2. Nf3 d5 3. g3 g6 4. Bg2 Bg7 5. O-O O-O 6. Nbd2 Ne4 7. Nxe4 dxe4 8. Ng5 Qxd4 9. Qxd4 Bxd4 10. c3 Bg7 11. Nxe4 Nd7 12. Be3 c6 13. Rfd1 Nb6 14. Bd4 Bg4 15. Bxg7 Kxg7 16. f3 Bc8 17. Kf2 Nd5 18. f4 a5 19. Nd2 a4 20. e4 Nb6 21. Nf3 Nc4 22. b3 axb3 23. axb3 Rxa1 24. Rxa1 Nd6 25. e5 Nb5 26. c4 Nc3 27. Ke3 Rd8 28. Rc1 Na2 29. Rc2 Nb4 30. Rd2 Rxd2 31. Kxd2 c5 32. Ng5 b6 33. Bd5 Nxd5 34. cxd5 h6 35. Ne4 Bb7 36. d6 exd6 37. Nxd6 Bd5 38. Kc3 Kf8 39. b4 cxb4+ 40. Kxb4 Ke7 41. Nc8+ Ke6 42. Nxb6 Bf3 43. Nc4 Kd5 44. Nb6+ Ke4 45. Kc5 g5 46. fxg5 hxg5 47. Kd6 Bh5 48. Nd5 Bg6 49. Ne7 Bh5 50. Ng8 Kf5 51. h3 Kg6 52. g4 Kg7 53. gxh5 Kxg8 54. h6 1-0

[Event "Newport Open"]
[Site "Newport"]
[Date "2025.08.17"]
[Round "4"]
[Board "12"]
[White "Kett, Timothy J"]
[Black "Kong, Emma Zihan"]
[Result "1-0"]
[WhiteElo "2077"]
[BlackElo "1825"]
[WhiteFideId "-1"]
[WhiteFideId "-1"]
[PlyCount "75"]
[GameId "2213763143962701"]
[EventDate "2025.08.15"]
[EventType "swiss"]
[EventRounds "5"]
[EventCountry "WLS"]

1. e4 c5 2. Be2 Nc6 3. f4 d6 4. Nf3 g6 5. O-O Bg7 6. Nc3 Nf6 7. Qe1 O-O 8. Qh4 Nd4 9. Bd1 b5 10. d3 b4 11. Ne2 Nxf3+ 12. Rxf3 c4 13. f5 e5 14. dxc4 Qb6+ 15. Be3 Qc6 16. Ng3 Bb7 17. Be2 Nxe4 18. Raf1 Bf6 19. Qg4 Nxg3 20. Rxg3 Qe4 21. Bh6 Qxg4 22. Bxg4 Bg7 23. Bxg7 Kxg7 24. f6+ Kg8 25. Rd3 d5 26. c5 Ba6 27. Rxd5 Bxf1 28. Kxf1 h5 29. Bd7 Rfd8 30. c6 Rac8 31. Rxe5 Rc7 32. Ke2 Rb8 33. Ke3 Rb6 34. Rc5 Rb8 35. Ke4 Rd8 36. Rd5 Kh7 37. Ke5 g5 38. Bf5+ 1-0

[Event "Newport Open"]
[Site "Newport"]
[Date "2025.08.17"]
[Round "4"]
[Board "13"]
[White "Bani Hani, Madged"]
[Black "Turner, Joseph David"]
[Result "1/2-1/2"]
[WhiteElo "1843"]
[BlackElo "1809"]
[WhiteFideId "-1"]
[WhiteFideId "-1"]
[PlyCount "111"]
[GameId "2213764312821858"]
[EventDate "2025.08.15"]
[EventType "swiss"]
[EventRounds "5"]
[EventCountry "WLS"]

1. b4 e6 2. Bb2 Nf6 3. a3 c5 4. b5 d5 5. e3 a6 6. a4 c4 7. d3 axb5 8. axb5 Rxa1 9. Bxa1 Qa5+ 10. Bc3 Qxb5 11. dxc4 dxc4 12. Bxf6 gxf6 13. Nf3 e5 14. Be2 Be6 15. O-O Be7 16. Nbd2 Qc6 17. c3 O-O 18. Qc2 Rd8 19. Qa2 b5 20. Qc2 Na6 21. h3 Nc5 22. Nh2 Nd3 23. Ng4 f5 24. Nh2 Bc5 25. Ndf3 e4 26. Nd4 Bxd4 27. exd4 Nf4 28. f3 b4 29. cxb4 Rxd4 30. Rb1 Qd6 31. Nf1 Bd5 32. Rd1 Nxe2+ 33. Qxe2 Rxd1 34. Qxd1 exf3 35. Qd4 fxg2 36. Ne3 Qxb4 37. Nxd5 Qe1+ 38. Kxg2 Qe4+ 39. Qxe4 fxe4 40. Nf6+ Kg7 41. Nxe4 Kg6 42. Kf3 f5 43. Nc3 Kg5 44. Ne2 Kh4 45. Kg2 h6 46. Kh2 h5 47. Kg2 Kg5 48. Kg3 h4+ 49. Kf3 Kg6 50. Kf4 Kf6 51. Nc3 Ke6 52. Kg5 Ke5 53. Kxh4 Kd4 54. Na2 f4 55. Kg4 Ke3 56. Nc3 1/2-1/2

[Event "Newport Open"]
[Site "Newport"]
[Date "2025.08.17"]
[Round "4"]
[Board "14"]
[White "Young, Alan J"]
[Black "Howells, S Wyn"]
[Result "1/2-1/2"]
[WhiteElo "1986"]
[BlackElo "1750"]
[WhiteFideId "-1"]
[WhiteFideId "-1"]
[PlyCount "52"]
[GameId "2213766007210151"]
[EventDate "2025.08.15"]
[EventType "swiss"]
[EventRounds "5"]
[EventCountry "WLS"]

{[%evp 0,52,17,13,4,19,19,28,25,12,19,17,23,22,39,46,21,56,44,54,55,54,56,59,62,46,48,36,56,14,46,23,-32,-21,-28,-21,-104,7,-83,-47,-60,-47,-3,-19,-29,-40,-40,-17,-54,-26,-18,19,13,16,7]} 1. e4 c5 2. Nf3 g6 3. d4 cxd4 4. Nxd4 Nc6 5. c4 Nf6 6. Nc3 d6 7. Be2 Nxd4 8. Qxd4 Bg7 9. Be3 O-O 10. Qd2 Re8 11. f3 Be6 12. O-O Qa5 13. Rac1 Rac8 14. b3 a6 15. Kh1 Nd7 16. f4 Nc5 17. f5 Bxc3 18. Qxc3 Qxc3 19. Rxc3 Bd7 20. Bxc5 dxc5 21. Rd1 Bc6 22. Bf3 Red8 23. Rcd3 Rxd3 24. Rxd3 gxf5 25. exf5 Bxf3 26. gxf3 b5 1/2-1/2

[Event "Newport Open"]
[Site "Newport"]
[Date "2025.08.17"]
[Round "4"]
[Board "15"]
[White "Dixon, Chris"]
[Black "Wynarczyk, Raymond"]
[Result "1/2-1/2"]
[WhiteElo "1775"]
[BlackElo "1827"]
[WhiteFideId "-1"]
[WhiteFideId "-1"]
[PlyCount "102"]
[GameId "2213766963343616"]
[EventDate "2025.08.15"]
[EventType "swiss"]
[EventRounds "5"]
[EventCountry "WLS"]

{[%evp 0,102,22,0,11,13,22,11,29,26,12,0,251,76,264,76,149,148,167,184,263,223,229,225,273,192,218,82,65,75,44,71,51,147,63,49,61,60,54,-5,-192,2,0,-16,-43,-34,-29,-68,7,-81,-27,-79,-73,-79,-43,-65,-57,-41,-30,-86,-26,-26,-44,-99,-94,-67,18,47,6,22,1,3,51,-116,8,-112,-24,5,30,25,-1,7,5,11,24,100,12,25,9,30,1,57,24,24,24,20,1,1,1,1,1,1,1,1,0]} 1. d4 d5 2. Nf3 Nc6 3. e3 Bg4 4. c4 e5 5. Qb3 Bb4+ 6. Bd2 Bxd2+ 7. Nbxd2 Bxf3 8. Nxf3 Nge7 9. dxe5 dxc4 10. Bxc4 O-O 11. Rd1 Qe8 12. Qc3 Ng6 13. Bb5 Ngxe5 14. Nxe5 Qxe5 15. Bxc6 {(=)} Qxc3+ 16. bxc3 bxc6 17. Ke2 Rab8 18. Rb1 Rb6 19. Rxb6 axb6 20. Rd1 Ra8 21. Kf3 Kf8 22. Rd7 Ra7 23. Rd2 Ra4 24. e4 Rc4 25. Rc2 b5 26. Ke3 Ke7 27. f4 Ke6 28. g4 g6 29. h4 h6 30. Kd3 f5 31. exf5+ gxf5 32. Re2+ Kf7 33. gxf5 Rxf4 34. Re6 Rxh4 35. Rxc6 Rh2 36. Rxc7+ Kf6 37. Rc6+ Kxf5 38. Rc5+ Kg4 39. Rxb5 Rxa2 40. Rb8 Ra5 41. Ke3 Rf5 42. Rg8+ Kh3 43. c4 h5 44. Ke4 Rf1 45. c5 Rc1 46. Kd5 h4 47. c6 Kh2 48. Kd6 h3 49. c7 Kh1 50. c8=Q Rxc8 51. Rxc8 Kg2 1/2-1/2

[Event "Newport Open"]
[Site "Newport"]
[Date "2025.08.17"]
[Round "4"]
[Board "16"]
[White "Quinn, Peter"]
[Black "Richards, Gareth"]
[Result "1-0"]
[WhiteElo "1719"]
[BlackElo "1587"]
[WhiteFideId "-1"]
[WhiteFideId "-1"]
[PlyCount "82"]
[GameId "2213768774750486"]
[EventDate "2025.08.15"]
[EventType "swiss"]
[EventRounds "5"]
[EventCountry "WLS"]

1. e4 e5 2. Nf3 Bc5 3. Bc4 d6 4. c3 Nf6 5. d3 h6 6. h3 Nc6 7. b4 Bb6 8. O-O O-O 9. a4 a6 10. Be3 Bxe3 11. fxe3 Be6 12. Nbd2 d5 13. exd5 Bxd5 14. e4 Bxc4 15. Nxc4 Qe7 16. Qe2 Rad8 17. Qe3 b5 18. axb5 axb5 19. Nb2 Nh5 20. Ra6 Rd6 21. Qc5 Qe6 22. Qxb5 Nf4 23. Kh2 Ne2 24. Nh4 Nxc3 25. Qc4 Ne2 26. Nf5 Qf6 27. Rxc6 Nd4 28. Rxd6 cxd6 29. Ng3 Qg5 30. Qc1 Qxg3+ 31. Kxg3 Ne2+ 32. Kf3 Nxc1 33. Rxc1 f5 34. Ke3 f4+ 35. Kf3 Ra8 36. Nc4 Rd8 37. b5 d5 38. Nxe5 dxe4+ 39. Kxe4 Rb8 40. Rb1 g5 41. b6 Kg7 1-0